[Event "Huntingdale Masters"]
[Site "Huntingdale Chess Club"]
[Date "2006.06.02"]
[Round "7"]
[White "Donaldson, T"]
[Black "Fedec, J"]
[Result "1-0"]
[WhiteElo "1788"]
[BlackElo "1858"]
[EventDate "2006.04.21"]

1.d4 d5 2.c4 c6 3.cxd5 cxd5 4.Nc3 Nf6 5.g3 Nc6 6.Bg2 Bf5 7.a3 e6 8.Nf3 Bd6
9.O-O h6 10.Qb3 Qd7 11.Bd2 Ne4 12.Be3 Nf6 13.Qd1 O-O 14.b4 Rac8 15.Qb3 Qe7
16.Rfc1 Rfd8 17.Na4 b6 18.Nb2 e5 19.dxe5 Nxe5 20.Nd4 Bg6 21.Bf4 Qb7 22.Bh3
Rxc1+ 23.Rxc1 Neg4 24.Bxd6 Rxd6 25.Nd3 h5 26.Nf4 Nd7 27.a4 Nde5 28.Nb5 Rc6
29.Rxc6 Qxc6 30.Qb2 a6 31.Nc3 Nc4 32.Qc1 d4 33.Bg2 Qc8 34.Ncd5 Kh7 35.Ne7 
Qc7 36.Nfd5 Qe5 37.Qxc4 d3 38.Nxg6 Qxe2 39.Qd4 d2 40.Nc3 Qe1+ 41.Bf1 fxg6 
42.Kg2 Nf6 43.Be2 Qc1 44.Nd1 Qc6+ 45.Bf3 Qxa4 46.Qxd2 a5 47.bxa5 Qxa5 48.
Qxa5 bxa5 49.Nb2 Nd7 50.Nc4 a4 51.Bd1 Nc5 52.h4 Kh6 53.f4 Kh7 54.Bc2 1-0

[Event "Huntingdale Masters"]
[Site "Huntingdale Chess Club"]
[Date "2006.06.02"]
[Round "7"]
[White "Horstmann, M"]
[Black "Boyd, T"]
[Result "1/2-1/2"]
[WhiteElo "2100"]
[BlackElo "2240"]
[EventDate "2006.04.21"]

1.d4 Nf6 2.c4 g6 3.Nc3 Bg7 4.g3 O-O 5.Bg2 d6 6.Nf3 Nbd7 7.O-O e5 8.b3 exd4
9.Nxd4 Re8 10.Bb2 Nc5 11.Qc2 a5 12.Rad1 h5 13.Bc1 Bd7 14.Bg5 Qc8 15.e4 Nh7
16.Be3 Bh3 17.Rfe1 Bxg2 18.Kxg2 h4 19.f3 c6 20.Nde2 Qc7 21.gxh4 Qe7 22.h5 
Ng5 23.Ng3 Nxf3 24.Kxf3 Qf6+ 25.Bf4 Qxc3+ 26.Qxc3 Bxc3 27.Re3 Be5 28.Ne2 
Rad8 29.h4 Ne6 30.Red3 Nc5 31.Re3 Ne6 32.Red3 1/2-1/2

[Event "Huntingdale Masters"]
[Site "Huntingdale Chess Club"]
[Date "2006.06.26"]
[Round "7"]
[White "Dunlop, G"]
[Black "Hare, T"]
[Result "0-1"]
[WhiteElo "1812"]
[BlackElo "2067"]
[EventDate "2006.04.21"]

1.e4 g6 2.d4 Bg7 3.c4 d6 4.Nc3 c6 5.Be2 Na6 6.Nf3 Nc7 7.O-O Bg4 8.Be3 Nf6 
9.Qd2 h6 10.h3 Bxf3 11.Bxf3 Nd7 12.d5 c5 13.Be2 a6 14.f4 O-O 15.e5 Kh7 16.
Ne4 dxe5 17.fxe5 b6 18.d6 Ne6 19.dxe7 Qxe7 20.Bxh6 Bxe5 21.Bxf8 Rxf8 22.
Rad1 Bd4+ 23.Kh1 f5 24.Nf2 Ne5 25.b3 Ng5 26.Bd3 Ne6 27.Rde1 Qh4 28.Nd1 Qg3
29.Be2 Ng5 30.Qf4 Ne4 31.Qxg3 Nxg3+ 32.Kh2 Nxf1+ 33.Bxf1 Re8 34.Re2 Kg7 
35.g3 Kf6 36.Kg2 Re6 37.Ne3 Bxe3 38.Rxe3 Rd6 39.Re2 g5 40.Rc2 Nc6 41.Kf2 
Rd4 42.Re2 Ne5 43.Bg2 a5 44.Ke3 a4 45.Bd5 axb3 46.axb3 Rd3+ 47.Kf2 Rxb3 
48.Ra2 Nd3+ 49.Kg2 Rb2+ 50.Rxb2 Nxb2 51.Kf3 Nd3 52.h4 Ne5+ 53.Ke3 Ng6 54.
hxg5+ Kxg5 55.Bf3 Ne5 56.Be2 Nc6 57.Kd3 Nd4 58.Bd1 Kf6 59.g4 f4 60.Ke4 Kg5
61.Kd5 f3 62.Bxf3 Nxf3 63.Kc6 Ne5+ 64.Kxb6 Nd3 0-1

[Event "Huntingdale Masters"]
[Site "Huntingdale Chess Club"]
[Date "2006.06.09"]
[Round "8"]
[White "Hare, T"]
[Black "Donaldson, T"]
[Result "1-0"]
[WhiteElo "2067"]
[BlackElo "1788"]
[EventDate "2006.04.21"]

1.g3 d5 2.Bg2 c6 3.Nf3 Nf6 4.O-O Bg4 5.h3 Bxf3 6.exf3 e6 7.d3 Bd6 8.f4 Qc7
9.Nd2 Nbd7 10.Nf3 h6 11.Qe1 O-O-O 12.b4 Rdg8 13.c4 dxc4 14.dxc4 c5 15.bxc5
Bxc5 16.Rb1 Nb6 17.Ne5 Nh5 18.Be3 Bxe3 19.Qxe3 g5 20.f5 Ng7 21.fxe6 Nf5 
22.Qa3 Qxe5 23.Qxa7 fxe6 24.Qxb7+ Kd8 25.Rxb6 Ke8 26.Qb8+ Qxb8 27.Rxb8+ 
Kf7 28.Rxg8 Rxg8 29.c5 Rc8 30.c6 Nd4 31.a4 Nxc6 32.Rc1 Na7 33.Rxc8 Nxc8 
34.a5 Ke7 35.Bb7 Na7 36.Kg2 e5 37.Kf3 Kf6 38.Ke4 Ke6 39.a6 Nb5 40.g4 Na7 
41.Kd3 Ke7 42.f3 Kd6 43.Kc4 e4 44.fxe4 h5 45.gxh5 g4 46.hxg4 Ke7 47.h6 Nc8
48.Bxc8 1-0

[Event "Huntingdale Masters"]
[Site "Huntingdale Chess Club"]
[Date "2006.06.09"]
[Round "8"]
[White "Barber, H"]
[Black "Boyd, T"]
[Result "1/2-1/2"]
[WhiteElo "2142"]
[BlackElo "2240"]
[EventDate "2006.04.21"]

1.e4 c5 2.Nc3 Nc6 3.g3 g6 4.Bg2 Bg7 5.d3 d6 6.Be3 Rb8 7.Qd2 b5 8.Nge2 Nd4 
9.O-O b4 10.Nd1 Nxe2+ 11.Qxe2 Nf6 12.a3 a5 13.axb4 cxb4 14.e5 dxe5 15.Ba7 
Bg4 16.Qxe5 Rc8 17.Ne3 Be6 18.Qxa5 Qxa5 19.Rxa5 Ng4 20.Rc5 Nxe3 21.Rxc8+ 
Bxc8 22.fxe3 Bxb2 23.Rb1 Ba3 24.Bc5 Be6 25.Bxb4 Ba2 26.Ra1 Bxb4 27.Rxa2 
O-O 28.Kf2 Rc8 29.Bd5 Rc7 30.Bb3 e6 31.d4 Bc3 32.Ra6 h5 33.Ba4 Kf8 34.Ke2 
Ke7 35.Kd3 Be1 36.c4 Bb4 37.Bb5 e5 38.c5 exd4 39.exd4 Bxc5 40.dxc5 Rxc5 
41.Ra7+ Kf8 42.Bc4 Rf5 43.Ke3 Re5+ 44.Kf4 Rf5+ 45.Ke4 Rf2 46.h4 Kg7 47.Ra3
Rb2 48.Ke5 Rb7 49.Bd5 Rc7 50.Rb3 Re7+ 51.Kd6 Ra7 52.Rb7 Rxb7 53.Bxb7 g5 
54.hxg5 Kg6 55.Bf3 Kxg5 56.Ke5 1/2-1/2

[Event "Huntingdale Masters"]
[Site "Huntingdale Chess Club"]
[Date "2006.06.09"]
[Round "8"]
[White "Sheridan, W"]
[Black "Horstmann, M"]
[Result "0-1"]
[WhiteElo "1466"]
[BlackElo "2100"]
[EventDate "2006.04.21"]

1.d4 g6 2.Nf3 Bg7 3.c3 d6 4.Bg5 Nf6 5.Nbd2 h6 6.Bh4 g5 7.Bg3 Bf5 8.h3 Nbd7
9.e3 c5 10.a4 Rc8 11.a5 O-O 12.Be2 cxd4 13.exd4 Ne4 14.Nxe4 Bxe4 15.O-O 
Nf6 16.Re1 Qd7 17.Bd3 Qc6 18.Bxe4 Nxe4 19.Bh2 e6 20.Qe2 f5 21.Nd2 Nxd2 22.
Qxd2 Qd5 23.Qe2 Rfe8 24.Ra4 e5 25.Qh5 Qc6 26.Rb4 exd4 27.Qd1 dxc3 28.Rxe8+
Rxe8 29.Bxd6 c2 30.Qc1 Qxd6 0-1

[Event "Huntingdale Masters"]
[Site "Huntingdale Chess Club"]
[Date "2006.06.09"]
[Round "8"]
[White "Kurniawan, S"]
[Black "Dunlop, G"]
[Result "1-0"]
[WhiteElo "1987"]
[BlackElo "1812"]
[EventDate "2006.04.21"]

1.g3 g6 2.Bg2 Bg7 3.Nf3 d5 4.c4 dxc4 5.Qa4+ Bd7 6.Qxc4 e6 7.d4 Ne7 8.O-O 
O-O 9.Nc3 Bc6 10.Bf4 Nd7 11.e4 Nb6 12.Qe2 a6 13.Rfd1 Na4 14.Nb1 h6 15.h4 
Rc8 16.b3 Nb6 17.a4 Qe8 18.Nbd2 f5 19.Rac1 fxe4 20.Nxe4 Nbd5 21.Be5 Nf6 
22.Bxf6 Bxf6 23.Nc5 Nf5 24.Nxe6 Rf7 25.d5 Bxd5 26.Rxd5 Re7 27.Qc4 Rxe6 28.
Rxf5 gxf5 29.Re1 Kf7 30.Rxe6 Qxe6 31.Ng5+ hxg5 32.Bd5 Re8 33.Bxe6+ Rxe6 
34.hxg5 Bxg5 35.f4 Be7 36.g4 Kf6 37.g5+ Kf7 38.g6+ 1-0

[Event "Huntingdale Masters"]
[Site "Huntingdale Chess Club"]
[Date "2006.06.23"]
[Round "8"]
[White "Fedec, J"]
[Black "Roza, P"]
[Result "0-1"]
[WhiteElo "1858"]
[BlackElo "1937"]
[EventDate "2006.04.21"]

1.e4 e5 2.Nf3 Nc6 3.Bb5 a6 4.Ba4 Nf6 5.O-O Be7 6.Re1 b5 7.Bb3 O-O 8.c3 d6 
9.h3 Nd7 10.d4 Bf6 11.Be3 Bb7 12.Nbd2 Re8 13.Nf1 exd4 14.cxd4 Rxe4 15.
Bxf7+ Kxf7 16.Qb3+ Kf8 17.Ng5 Bxg5 18.Bxg5 Qxg5 19.Rxe4 Nxd4 20.Qe3 Qxe3 
0-1

[Event "Huntingdale Masters"]
[Site "Huntingdale Chess Club"]
[Date "2006.06.13"]
[Round "9"]
[White "Donaldson, T"]
[Black "Kurniawan, S"]
[Result "0-1"]
[WhiteElo "1788"]
[BlackElo "1987"]
[EventDate "2006.04.21"]

1.d4 Nf6 2.c4 c5 3.d5 b5 4.cxb5 a6 5.b6 g6 6.Nc3 Bg7 7.e4 d6 8.f4 Qxb6 9.
Nf3 O-O 10.Be2 e6 11.dxe6 Bxe6 12.Ng5 Bc8 13.Bc4 h6 14.Nxf7 Rxf7 15.Bxf7+ 
Kxf7 16.e5 Bg4 17.Qd2 dxe5 18.fxe5 Qe6 19.Qe3 Nd5 20.O-O+ Kg8 21.Qe4 Nc7 
22.Bf4 Nc6 23.Qe3 Nd4 24.Rac1 g5 25.Bg3 Nd5 26.Nxd5 Qxd5 27.Kh1 Re8 28.
Rfe1 Bh3 29.Qe4 Qxe4 30.Rxe4 Bf5 31.Ree1 Rc8 32.a3 Ne6 33.Red1 Nd4 34.Re1 
h5 35.Bf2 Ne6 36.Rc3 h4 37.h3 Rc7 38.Bg1 c4 39.Bh2 Rc5 40.Rec1 Bd3 41.Re1 
Rb5 42.b4 Kf7 43.Rec1 Bxe5 44.Bxe5 Rxe5 45.Rxc4 Bxc4 46.Rxc4 Re1+ 47.Kh2 
Ra1 48.Rc3 Nf4 49.g3 Ra2+ 50.Kh1 Nxh3 51.Rf3+ Kg6 52.gxh4 g4 53.Rc3 Kh5 
54.b5 axb5 55.Rc5+ Kxh4 56.Rxb5 g3 57.Rb4+ Kg5 58.Rb5+ Kf6 59.Rb6+ Ke7 60.
Rg6 Rh2# 0-1

[Event "Huntingdale Masters"]
[Site "Huntingdale Chess Club"]
[Date "2006.06.16"]
[Round "9"]
[White "Roza, P"]
[Black "Hare, T"]
[Result "0-1"]
[WhiteElo "1937"]
[BlackElo "2067"]
[EventDate "2006.04.21"]

1.e4 g6 2.d4 Bg7 3.Nf3 c6 4.Nc3 d6 5.Bf4 Bg4 6.Be2 Nd7 7.O-O Qb6 8.Be3 Qc7
9.h3 Bxf3 10.Bxf3 Ngf6 11.Qd2 h6 12.Be2 g5 13.f4 gxf4 14.Bxf4 O-O-O 15.b4 
e5 16.Be3 exd4 17.Bxd4 b6 18.Rf5 Ne5 19.Raf1 Nfd7 20.b5 Kb8 21.bxc6 Qxc6 
22.Bb5 Qb7 23.Nd5 Rhf8 24.Kh1 Nc5 25.Qe2 Rc8 26.a4 a5 27.Rb1 Ka7 28.Rff1 
f5 29.Nxb6 Qxb6 30.Bd7 Qa6 31.Rb5 Nxd7 32.Bxg7 Rfe8 33.Rxf5 Rxe4 34.Qd2 
Rxa4 35.c4 Rb8 36.Rd5 Rxb5 37.cxb5 Qxb5 38.Rxd6 Qf1+ 39.Kh2 Qf4+ 40.Qxf4 
Rxf4 41.Bxh6 Re4 42.Bg7 a4 43.Kg3 a3 44.h4 a2 45.h5 Ne5 46.Bxe5 Rxe5 47.
Rd1 Ne4+ 48.Kf4 Nc3 49.Ra1 Rxh5 50.g4 Ra5 51.g5 Kb6 52.g6 Nd5+ 53.Ke4 Kc5 
54.g7 Kb4 55.Ke5 Ka3 56.Ke6 Ra8 57.Kf7 Ra7+ 58.Kf8 Nf6 59.Rf1 Ra8+ 60.Kf7 
Ng8 61.Kg6 Kb2 62.Rf2+ Kc3 63.Rf3+ Kd2 0-1

[Event "Huntingdale Masters"]
[Site "Huntingdale Chess Club"]
[Date "2006.06.16"]
[Round "9"]
[White "Boyd, T"]
[Black "Sheridan, W"]
[Result "1-0"]
[WhiteElo "2240"]
[BlackElo "1466"]
[EventDate "2006.04.21"]

1.e4 d6 2.d4 Nf6 3.Nc3 Nbd7 4.Nf3 e5 5.Bc4 Be7 6.O-O O-O 7.a4 c6 8.Re1 b6 
9.Ba2 a6 10.Bg5 Bb7 11.Qe2 b5 12.Rad1 Qc7 13.Nh4 b4 14.Nf5 Bd8 15.dxe5 
dxe5 16.Nb1 Ne8 17.Qg4 Ndf6 18.Bxf6 Bxf6 19.Rd7 Qc8 20.Nh6+ Kh8 21.Nxf7+ 
Rxf7 22.Rxf7 Nd6 23.Qxc8+ Rxc8 24.Rd7 1-0

[Event "Huntingdale Masters"]
[Site "Huntingdale Chess Club"]
[Date "2006.06.16"]
[Round "9"]
[White "Horstmann, M"]
[Black "Fedec, J"]
[Result "1-0"]
[WhiteElo "2100"]
[BlackElo "1858"]
[EventDate "2006.04.21"]

1.d4 d5 2.Nf3 Nf6 3.Bf4 c5 4.e3 Nc6 5.c3 Bf5 6.dxc5 a5 7.Bb5 Bd7 8.c4 e6 
9.Nc3 Nb4 10.a3 Na6 11.Bxd7+ Qxd7 12.Ne5 Qd8 13.Qa4+ Nd7 14.cxd5 Nxc5 15.
Qb5 f6 16.Nxd7 Qxd7 17.dxe6 Nd3+ 18.Ke2 Nxf4+ 19.exf4 Qxb5+ 20.Nxb5 Rc8 
21.Rac1 Rc6 22.Nd4 Rb6 23.Rc8+ Ke7 24.Rhc1 f5 25.R1c7+ 1-0

[Event "Huntingdale Masters"]
[Site "Huntingdale Chess Club"]
[Date "2006.06.30"]
[Round "9"]
[White "Dunlop, G"]
[Black "Barber, H"]
[Result "0-1"]
[WhiteElo "1812"]
[BlackElo "2142"]
[EventDate "2006.04.21"]

1.d4 Nf6 2.c4 c5 3.d5 e6 4.Nc3 exd5 5.cxd5 d6 6.e4 g6 7.Bd3 Bg7 8.Nge2 O-O
9.O-O a6 10.a4 Nbd7 11.Rb1 Qc7 12.Bg5 h6 13.Be3 Re8 14.f3 Rb8 15.Qd2 Ne5 
16.Rfc1 h5 17.b4 Nfd7 18.b5 Nxd3 19.Qxd3 Ne5 20.Qd1 b6 21.bxa6 Bxa6 22.Nb5
Qe7 23.Qd2 Bf6 24.a5 h4 25.axb6 Rxb6 26.Na3 Rxb1 27.Rxb1 h3 28.Rb6 hxg2 
29.Kxg2 Bc8 30.Ng3 Qd7 31.Qf2 Kg7 32.Bf4 Qh3+ 33.Kh1 Nd3 34.Qd2 Nxf4 35.
Qxf4 Be5 0-1